000 00498cam a2200169 4500
001 6680
005 20250411152300.0
008 250411b |||||||| |||| 00| 0 eng d
010 _a 2016297775
020 _a9241541482
082 _a610.695 McM
100 _aMcMahon, Rosemary.
245 0 4 _aOn being in charge :
_ba guide for middle-level management in primary health care.
264 1 _aGeneva :
_bWorld Health Organization,
_c1980.
300 _a361 p. ;
_c26 cm.
_bill. ;
942 _2ddc
_cMAIN
999 _c10219
_d10220